[Event "Florianopolis op 10th"]
[Site "Florianopolis"]
[Date "2024.01.24"]
[Round "6"]
[White "Hessmann, Eduardo Franzoni"]
[Black "Gurski, Guilherme Rybu"]
[Result "1-0"]
[WhiteElo "1665"]
[BlackElo "1354"]
[PlyCount "39"]
[EventDate "2024.01.20"]
[EventType "swiss"]
[EventRounds "10"]
[EventCountry "BRA"]
[SourceTitle "CB05_2024"]
[SourceDate "2024.01.31"]
[SourceVersion "1"]
[SourceVersionDate "2024.01.31"]
[SourceQuality "1"]

1. e4 c5 2. Nf3 d6 3. d4 cxd4 4. Nxd4 Nf6 5. Nc3 g6 6. Be3 Bg7 7. f3 0-0 8. Bc4 Nc6 9. Qd2 Bd7 10. 0-0-0 Na5 11. Bb3 Nxb3+ 12. cxb3 a5 13. g4 Qc7 14. Kb1 Rfb8 15. h4 b5 16. h5 b4 17. Na4 Bxa4 18. bxa4 Rc8 19. hxg6 fxg6 20. Ne6 1-0

[Event "Timbo op 3rd"]
[Site "Timbo"]
[Date "2023.11.04"]
[Round "2"]
[White "Volkmann, Andre Jordi"]
[Black "Hessmann, Eduardo Franzoni"]
[Result "1-0"]
[WhiteElo "2092"]
[BlackElo "1537"]
[PlyCount "51"]
[EventDate "2023.11.03"]
[EventType "swiss"]
[EventRounds "6"]
[EventCountry "BRA"]
[SourceTitle "CB49_2023"]
[SourceDate "2023.12.06"]
[SourceVersion "1"]
[SourceVersionDate "2023.12.06"]
[SourceQuality "1"]

1. d4 Nf6 2. c4 g6 3. f3 Bg7 4. e4 d6 5. Nc3 0-0 6. Be3 e5 7. d5 c6 8. Qd2 cxd5 9. cxd5 a6 10. Nge2 Nbd7 11. g4 b5 12. Ng3 Nb6 13. h4 b4 14. Nd1 a5 15. h5 Nfd7 16. Bh6 Qe7 17. Rg1 Bxh6 18. Qxh6 Qf6 19. Be2 Ba6 20. Rh1 Qe7 21. Bxa6 Rxa6 22. Ne3 Raa8 23. Kd2 Rac8 24. Rag1 Qf6 25. hxg6 Qxg6 26. Ngf5 1-0

[Event "Catarinense-ch U20"]
[Site "Rio Negrinho"]
[Date "2023.03.25"]
[Round "3"]
[White "Luzzi, Oliver Sthifler Lim"]
[Black "Hessmann, Eduardo Franzoni"]
[Result "0-1"]
[WhiteElo "1216"]
[BlackElo "1412"]
[PlyCount "80"]
[EventDate "2023.03.24"]
[EventType "swiss"]
[EventRounds "6"]
[EventCountry "BRA"]
[SourceTitle "CBM 213 Extra"]
[Source "ChessBase"]
[SourceDate "2023.05.31"]
[SourceVersion "1"]
[SourceVersionDate "2023.05.31"]
[SourceQuality "1"]

1. e4 c5 2. Nf3 d6 3. Bc4 Nf6 4. Nc3 Nc6 5. d4 cxd4 6. Nxd4 e6 7. f4 Be7 8. Nxc6 bxc6 9. Qf3 d5 10. e5 Nd7 11. Bb3 Ba6 12. Ne2 0-0 13. Nd4 Qb6 14. c3 c5 15. Ne2 d4 16. Bc2 Rfd8 17. Qe4 f5 18. exf6 Nxf6 19. Qf3 d3 20. Bxd3 Bxd3 21. Be3 Be4 22. Qf2 Rd3 23. Nc1 Ng4 24. Nxd3 Nxf2 25. Nxf2 Bh4 26. 0-0 Bxf2+ 27. Rxf2 Rd8 28. b4 Qb5 29. Bxc5 Qa4 30. Bd4 a5 31. Re1 Bf5 32. Rb2 axb4 33. Rxb4 Qxa2 34. Rb7 Rxd4 35. cxd4 Qd2 36. Rf1 Be4 37. Rb8+ Kf7 38. Rf2 Qd1+ 39. Rf1 Qxd4+ 40. Rf2 Qa1+ 0-1